000 00715nam a2200289Ia 4500
005 20260324120131.0
008 008 260324s9999 xx 000 0 eng d
020 _a9780367805715
037 _aEBOOK
040 _aCRL
040 _beng
040 _cCRL
041 _2eng
041 _aeng
084 _qCRL
100 _aVincent DiMaio
_91157370
245 0 _aGunshot Wounds
245 0 _bPractical Aspects of Firearms, Ballistics, and Forensic Techniques, Third Edition
260 _bTaylor and Francis
260 _c2015
365 _a
365 _b205
856 _uhttp://www.taylorfrancis.com/books/9780367805715
942 _cEBOOK
999 _c1748722
_d1748722